000 00573cam a22002053a 4500
001 39119
003 PGUSA
005 20140828083852.0
008 120312s2012||||xxu|||||s|||||000 | eng d
040 _aPGUSA
_beng
042 _adc
100 1 _aThomson, James,
_d1834-1882
245 1 0 _aSatires And Profanities
_h[electronic resource] /
_cJames Thomson
260 _bProject Gutenberg,
_c2012
506 _aPublic domain in the USA.
516 _aElectronic text
830 0 _aProject Gutenberg
_v39119
856 4 0 _uhttp://www.gutenberg.org/ebooks/39119
942 _cEB
999 _c268372
_d268372